[Event "Rheinland Pfalz op 14th"]
[Site "Neuwied Heimbach Weis"]
[Date "2024.05.30"]
[Round "1"]
[White "Balluch, Emanuel"]
[Black "Syrov, Arkadi"]
[Result "0-1"]
[WhiteElo "1796"]
[BlackElo "2292"]
[PlyCount "58"]
[EventDate "2024.05.30"]
[EventType "swiss"]
[EventRounds "7"]
[EventCountry "GER"]
[SourceTitle "CB25_2024"]
[SourceDate "2024.06.01"]
[SourceVersion "1"]
[SourceVersionDate "2024.06.01"]
[SourceQuality "2"]

1. e4 e5 2. Nf3 Nc6 3. Bc4 Nf6 4. Ng5 d5 5. exd5 Na5 6. Bb5+ c6 7. dxc6 bxc6 8. Be2 h6 9. Nf3 e4 10. Ne5 Bc5 11. c3 Qc7 12. d4 exd3 13. Nxd3 Bd6 14. b4 Nc4 15. h3 0-0 16. Nd2 Nxd2 17. Qxd2 Bf5 18. 0-0 Rad8 19. Rd1 Rfe8 20. Qb2 Bh2+ 21. Kf1 Ne4 22. Be3 Ng3+ 23. Ke1 Rxe3 24. fxe3 Bg1 25. Nf2 Re8 26. Qd2 Bxf2+ 27. Kxf2 Ne4+ 28. Kg1 Nxd2 29. Rxd2 Qg3 0-1